[Event "Lovsprings op 01st"]
[Site "Ringsted"]
[Date "1989.06.02"]
[Round "6"]
[White "Madsen, Hans Henrik"]
[Black "Knudsen, Henrik"]
[Result "1-0"]
[WhiteElo "1999"]
[BlackElo "1952"]
[PlyCount "67"]
[EventDate "1989.04.07"]
[EventType "swiss"]
[EventRounds "7"]
[EventCountry "DEN"]
[SourceTitle "EXT 2018"]
[Source "ChessBase"]
[SourceDate "2017.10.13"]
[SourceVersion "1"]
[SourceVersionDate "2017.10.13"]
[SourceQuality "1"]

1. d4 d5 2. c4 e6 3. Nc3 Nf6 4. cxd5 exd5 5. Bg5 Nbd7 6. e3 Be7 7. Bd3 0-0 8. Qc2 h6 9. Bh4 c5 10. dxc5 Nxc5 11. Nge2 Be6 12. 0-0 Rc8 13. Rfd1 Qa5 14. Qd2 Rfd8 15. Nxd5 Qxd2 16. Nxe7+ Kf8 17. Rxd2 Kxe7 18. Nd4 g5 19. Bg3 Nfe4 20. Bxe4 Nxe4 21. Rdd1 h5 22. f3 Nxg3 23. hxg3 g4 24. Kf2 f6 25. a3 Rd6 26. Rd2 Rh8 27. Rh1 f5 28. Rc2 Rd7 29. Rc5 Kf6 30. fxg4 h4 31. g5+ Kg6 32. Rxh4 Rxh4 33. gxh4 Bd5 34. Nf3 1-0